Calcolo delle probabilitá / (Record no. 41430)

MARC details
000 -LEADER
campo de control de longitud fija 00482nam a2200169 i 4500
001 - NÚMERO DE CONTROL
campo de control 41430
003 - IDENTIFICADOR DE NÚMERO DE CONTROL
campo de control ES-MaACL
005 - FECHA Y HORA DE LA ÚLTIMA TRANSACCIÓN
campo de control 20230906160429.0
007 - CAMPO FIJO DE DESCRIPCIÓN FÍSICA--INFORMACIÓN GENERAL
campo de control de longitud fija t|
008 - DATOS DE LONGITUD FIJA--INFORMACIÓN GENERAL
campo de control de longitud fija 030310s1925 it ||||1| ita d
100 1# - ENTRADA PRINCIPAL--NOMBRE DE PERSONA
Nombre de persona Castelnuovo, Guido.
9 (RLIN) 36611
245 10 - MENCIÓN DEL TÍTULO
Título Calcolo delle probabilitá /
Mención de responsabilidad, etc. Guido Castelnuovo.
250 ## - MENCION DE EDICION
Mención de edición 2ª ed. rivezuta.
260 ## - PUBLICACIÓN, DISTRIBUCIÓN, ETC.
Lugar de publicación, distribución, etc. Bologna :
Nombre del editor, distribuidor, etc. Nicola Zanichelli.,
Fecha de publicación, distribución, etc. [1925] (
Lugar de fabricación/manufactura Firenze :
Fabricante Aribau)
300 ## - DESCRIPCIÓN FÍSICA
Extensión 2 v. ;
Dimensiones 24 cm.
852 ## - LOCALIZACIÓN
Ubicación ES-MaACL
Número de control de estantería A-1608-09
Holdings
Estatus retirado Estado de pérdida Estado de daño No para préstamo Biblioteca de origen Biblioteca actual Ubicación en estantería Fecha de adquisición Fuente de adquisición Total de préstamos Signatura topográfica completa Código de barras Visto por última vez Precio de reemplazo Tipo de ítem Koha
        Biblioteca del Ateneo de Madrid Biblioteca del Ateneo de Madrid Sala Pecera Planta 1 17/01/2008     A-1608-09 1043615 23/02/2023 23/02/2023 Libro impreso